Obras completas / (Record no. 4810)
[ view plain ]
| 000 -CABECERA | |
|---|---|
| campo de control de longitud fija | 00570cam a2200181 i 4500 |
| 001 - NÚMERO DE CONTROL | |
| campo de control | 000005004 |
| 005 - FECHA Y HORA DE LA ÚLTIMA TRANSACCIÓN | |
| campo de control | 20200929151545.0 |
| 008 - DATOS DE LONGITUD FIJA--INFORMACIÓN GENERAL | |
| campo de control de longitud fija | 790507m1977 ve ac b 001 p spa |
| 040 ## - FUENTE DE LA CATALOGACIÓN | |
| Centro catalogador/agencia de origen | DO-SdBNP |
| Lengua de catalogación | spa |
| Centro/agencia transcriptor | BNPHU |
| 082 ## - NÚMERO DE LA CLASIFICACIÓN DECIMAL DEWEY | |
| Número de clasificación | xxx |
| Número de documento/Ítem | A795ó |
| 100 1# - ENTRADA PRINCIPAL--NOMBRE DE PERSONA | |
| Nombre de persona | Arvelo Larriva, Alfredo, |
| Fechas asociadas al nombre | 1883-1934. |
| 9 (RLIN) | 14431 |
| 245 10 - MENCIÓN DE TÍTULO | |
| Título | Obras completas / |
| Mención de responsabilidad, etc. | Alfredo Arvelo Larriva. |
| 260 ## - PUBLICACIÓN, DISTRIBUCIÓN, ETC. | |
| Lugar de publicación, distribución, etc. | Caracas : |
| Nombre del editor, distribuidor, etc. | Presidencia de la República, |
| Fecha de publicación, distribución, etc. | 1977. |
| 300 ## - DESCRIPCIÓN FÍSICA | |
| Extensión | 2 v. : |
| Otras características físicas | il., retrs. ; |
| Dimensiones | 23 cm. |
| 500 ## - NOTA GENERAL | |
| Nota general | Incluye notas al pie de las páginas |
| 504 ## - NOTA DE BIBLIOGRAFÍA, ETC. | |
| Nota de bibliografía, etc. | Bibliografía |
| 505 0# - NOTA DE CONTENIDO CON FORMATO | |
| Nota de contenido con formato | 1-2. Verso y prosa. |
| Estado de retiro | Estado de pérdida | Restricciones de uso | No para préstamo | Código de colección | Localización permanente | Ubicación/localización actual | Ubicación en estantería | Fecha de adquisición | Número de inventario | Total de préstamos | Signatura topográfica completa | Código de barras | Fecha visto por última vez | Precio válido a partir de | Tipo de ítem Koha | Nota pública |
|---|---|---|---|---|---|---|---|---|---|---|---|---|---|---|---|---|
| Préstamo interno | Préstamo restrigido | Monografías: Libros y Folletos | General | General | En encuadernación | 28.07.2009 | LF1 | v. 1 | 5004-10 | 25.06.2020 | 25.06.2020 | Préstamo interno | ||||
| Préstamo interno | Monografías: Libros y Folletos | General | General | En catalogación | 05.10.2009 | LF1 | v. 3 | 5004-20 | 25.06.2020 | 25.06.2020 | Préstamo interno | Perteneció a la biblioteca personal de Germán Emilio Ornes. |
